| 000 | 01621nam a2200469 c 4500 | ||
|---|---|---|---|
| 001 | 17769 | ||
| 003 | ES-MaCES | ||
| 005 | 20150929135728.0 | ||
| 008 | 050715s2005 sp d t 000 | spa d | ||
| 017 |
_aM 24508-2005 _bDL |
||
| 020 | _a8493420042 | ||
| 035 | _aCES20050007524m | ||
| 040 |
_aES-MaCES _bspa _cES-MaCES |
||
| 245 | 0 | 0 |
_aFamilia y dependencia _b: nuevas necesidades, nuevas propuestas : estudio anual 2004 _cFundación Acción Familiar ; [autores], María Crespo Garrido ... [et al.] ; dir. y coord., María Teresa López López |
| 250 | _a1ª ed | ||
| 260 |
_aMadrid _bCinca _c2005 |
||
| 300 |
_a270 p. _bgráf. bl. y n. _c24 cm |
||
| 490 | 1 | _aColección Acción familiar | |
| 504 | _aBibliografía | ||
| 541 | _cGratuito | ||
| 650 | 4 |
_afamilia _927318 |
|
| 650 | 4 |
_adinámica poblacional _928510 |
|
| 650 | 4 |
_acuidados de larga duración _930677 |
|
| 650 | 4 |
_apolítica familiar _930329 |
|
| 650 | 4 |
_aEspaña _926964 |
|
| 650 | 4 |
_aComunidades Autónomas _930768 |
|
| 650 | 4 |
_a2004 _931739 |
|
| 650 | 4 |
_ainforme _928986 |
|
| 653 | 1 | 0 | _aAsuntos Sociales |
| 650 | 4 |
_929020 _apaís de la UE |
|
| 650 | 4 |
_926752 _aUE |
|
| 650 | 4 |
_927056 _aservicios sociales |
|
| 700 | 1 |
_aCrespo Garrido, María _910152 |
|
| 700 | 1 |
_aLópez López, María Teresa _ecol. _916933 |
|
| 710 | 2 |
_aFundación Acción Familiar _93740 |
|
| 787 | 0 |
_tLa familia en el proceso educativo _w(ES-MaCES)21272 |
|
| 787 | 0 |
_tLa familia en España _w(ES-MaCES)16717 |
|
| 830 | 0 |
_aColección Acción familiar _934111 |
|
| 902 | _aLIB Libro | ||
| 942 |
_2CES _cBK _h3.3. |
||
| 999 |
_c17769 _d17769 |
||